00859ntm a2200241 a 450000100060000000300080000600500170001400800410003103500190007204000350009104100080012608200330013410000220016724501000018926000720028930000370036150200770039850400360047565000330051165000330054465100060057770000340058337384BD-RjUL20211209052614.0141211s2013 bg a|||| m|b| 00| 0 eng d a(BD-RjUL)37487 aBD-RjULbengcBD-RjULdBD-RjUL aeng 221a304.632095492 bJOC 2013 aJobbar, Md. Abdul10aChanging Pattern of Fertility in Bangladesh /cby Md. Abdul Jobbar6Supervisor: Md. Nurul Islam aRajshahi :bDepartment of Statistics, University of Rajshahi,c2013 axi, 158 leaves :bIll. ;c30 cm. aThesis (Ph. D.)--Department of Statistics, University of Rajshahi, 2013. aBibliography : leaves [143]-158 aFertility, HumanzBangladesh aBirth intervals zBangladesh 2  aIslam, Md. Nurul, Supervisor